| 000 | 01037cab a2200265 4500 | ||
|---|---|---|---|
| 001 | ABS50561 | ||
| 008 | 090401t1994 xxu||||| |||| 00| 0 eng d | ||
| 035 | _a(Sirsi) u76475 | ||
| 041 | _aeng | ||
| 100 | _aMugurian, G.H. | ||
| 245 | _aGlenlion revisited | ||
| 260 | _c1994 | ||
| 350 | _a0 | ||
| 490 |
_aArbitration _v60(2) May 1994, 110-111(2) |
||
| 520 | _aChallenges the decision in "Glenlion Construction Ltd v The Guiness Trust" (1987) which stated that the employer had no liability under JCT contracts to provide information or possession of the site. Considers that not all the facts were taken into account and that the decision has led to injustice. | ||
| 650 | _aBUILT ENVIRONMENT-BUILDING CONTRACT FORMS | ||
| 650 | _aCLAIMS | ||
| 650 | _aCOMPLETION DATE | ||
| 650 | _aEARLY COMPLETION | ||
| 650 | _aMASTER PROGRAMME | ||
| 650 | _aPRACTICAL COMPLETION | ||
| 690 | _aMANAGEMENT-DISPUTE AVOIDANCE, MANAGEMENT AND RESOLUTION-DISPUTE MANAGEMENT AND RESOLUTION-ARBITRATION | ||
| 942 | _n0 | ||
| 948 | _c04/03/1997 | ||
| 999 |
_c48097 _d48097 |
||